| 000 | 00575nam a2200205 a 4500 | ||
|---|---|---|---|
| 005 | 20240611063646.0 | ||
| 008 | 991125s1962 cu 000 0 spa u | ||
| 035 | _aUPN01000001562 | ||
| 049 | _aLT | ||
| 050 | 4 |
_aLB1645 M6 _bG6.2a 1962 |
|
| 100 | 1 | _aGonzález, M. O. | |
| 245 | 1 | 0 |
_aAlgebra elemental moderna / _cM. O. González, J. D. Mancill. |
| 250 | _aed. | ||
| 260 |
_aLa Habana : _bSelecta, _c1962. |
||
| 300 | _av. | ||
| 500 | _aLa biblioteca tiene el v.2 | ||
| 650 | 4 |
_aÁlgebra _xEstudio y enseñanza _92073 |
|
| 700 | 1 |
_aMancill, J. D., _ecoaut. |
|
| 905 | _aLibro | ||
| 999 |
_c1562 _d1562 |
||